Historia latinoamericana, 1700-2005 : sociedades, culturas, procesos políticos y económicos /

שמור ב:
מידע ביבליוגרפי
מחבר ראשי: Gallego, Marisa (autor)
מחברים אחרים: Eggers-Brass, Teresa (autor) (autor), Gil Lozano, Fernanda (autor) (autor)
פורמט: ספר
שפה:ספרדית
יצא לאור: Ituzaingó, Argentina : Maipue, 2006, c2006
סדרה:(El Hombre Es Tierra Que Anda)
נושאים:
תגים: הוספת תג
אין תגיות, היה/י הראשונ/ה לתייג את הרשומה!

MARC

LEADER 00000nam^a2200000^a^4500
001 000189890
005 20250521000000.0
009 20260310102429.35
020 |a 987-9493-24-9 
020 |a 978-987-9493-24-3 
037 |a Acervo ITESO - Biblioteca 
041 |a ESP 
082 |a 980.  |b GAL 
100 |a Gallego, Marisa  |e (autor) 
245 1 0 |a Historia latinoamericana, 1700-2005 :  |b sociedades, culturas, procesos políticos y económicos /  |c M. Gallego, T. Eggers-Brass, F. Gil Lozano. 
264 4 |a Ituzaingó, Argentina :  |b Maipue,  |c 2006, c2006 
300 |a 508 p. 
336 |a texto  |b txt  |2 rdacontenido 
337 |a sin mediación  |b n  |2 rdamedio 
338 |a volumen  |b nc  |2 rdasoporte 
440 4 |a (El Hombre Es Tierra Que Anda) 
649 |a XX 
650 |a Revolución -  |z América -  |x Historia 
650 |a Revolución -  |z Latinoamérica -  |x Historia 
650 |a Proceso Político -  |z América -  |x Historia 
650 |a Proceso Político -  |z Latinoamérica -  |x Historia 
650 |a Cambios Sociales y Culturales -  |z América -  |x Historia 
650 |a Cambios Sociales y Culturales -  |z Latinoamérica -  |x Historia 
650 |a Política -  |z América -  |x Historia 
650 |a Política -  |z Latinoamérica -  |x Historia -  |y Siglo XX 
650 |a Economía -  |z América -  |x Historia 
650 |a Economía -  |z Latinoamérica -  |x Historia -  |y Siglo XX 
650 |a América -  |x Historia -  |y Descubrimiento y Exploración 
650 |a América -  |x Historia -  |y Epoca Colonial 
650 |a América -  |x Historia -  |y Guerras de Independencia 
650 |a Latinoamérica -  |x Historia -  |y Siglo XX 
650 |a América -  |x Condiciones Sociales y Culturales 
650 |a América -  |x Condiciones Políticas 
650 |a América -  |x Condiciones Económicas 
650 |a Latinoamérica -  |x Condiciones Sociales y Culturales 
650 |a Latinoamérica -  |x Condiciones Políticas 
650 |a Latinoamérica -  |x Condiciones Económicas 
700 |a Eggers-Brass, Teresa  |e (autor) 
700 |a Gil Lozano, Fernanda  |e (autor) 
910 |a Fondo General 
920 |a Impresos - Libros 
930 |a Colección General 
905 |a 101 
901 |a 0500133256  |b IT1  |c ACC  |u 20250521 
902 |a https://opac.biblio.iteso.mx/vufind/Record/000189890